Premier League players 2008/09 - Statistics

General Stats
  • This quiz has been taken 6 times
  • The average score is 161 of 530
Answer Stats
Rank Player Positions Nationality Matches Goals Assists Clubs % Correct
60 Ashley Cole DF 34 1 0
100%
352 Nani MF, FW 13 1 2
100%
384 Aaron Ramsey MF 9 0 1
75%
194 Adam Johnson MF 26 0 0
75%
115 Andrew Johnson FW 31 7 3
75%
116 Anton Ferdinand DF 31 0 0
75%
302 Brad Jones GK 16 0 0
75%
20 Brede Hangeland DF 37 1 1
75%
181 Carlton Cole FW 27 10 3
75%
217 Didier Drogba FW 24 5 4
75%
86 Edwin van der Sar GK 33 0 0
75%
148 Glen Johnson DF 29 3 3
75%
505 Jack Wilshere MF 1 0 0
75%
7 James Milner DF, MF 38 3 8
75%
8 Jamie Carragher DF, MF 38 0 1
75%
104 Jermaine Jenas MF 32 4 3
75%
252 FW 21 6 3
75%
342 Joe Cole MF 14 2 4
75%
508 John Johnson DF 1 0 0
75%
50 John Terry DF 35 1 0
75%
150 Kenwyne Jones FW 29 10 2
75%
151 Kolo Touré DF 29 1 1
75%
171 Michael Carrick MF 28 4 5
75%
464 Michael Johnson MF 3 0 0
75%
172 Michael Owen FW 28 8 0
75%
93 Morten Gamst Pedersen MF, FW 33 1 7
75%
79 Nemanja Vidić DF 34 4 1
75%
173 Patrice Evra DF 28 0 2
75%
15 Pepe Reina GK 38 0 2
75%
486 Ricardo Vaz Tê MF, FW 2 0 0
75%
222 Rio Ferdinand DF 24 0 0
75%
322 Sami Hyypiä DF 16 1 0
75%
160 Samir Nasri MF, FW 29 6 2
75%
178 Scott Parker MF 28 1 3
75%
128 Steven Gerrard MF 31 16 9
75%
245 Theo Walcott MF, FW 22 2 2
75%
1 Aaron Hughes DF 38 0 0
50%
41 Aaron Lennon MF, FW 35 5 4
50%
276 Aaron Mokoena DF, MF 18 0 0
50%
212 Abou Diaby MF 24 3 2
50%
162 Albert Riera DF, FW 28 3 3
50%
213 Alex DF 24 2 1
50%
114 Alexandre Song DF, MF 31 1 0
50%
141 Álvaro Arbeloa DF 29 1 1
50%
285 Anderson MF 17 0 0
50%
472 Andrew Davies DF 2 0 0
50%
355 Andrey Arshavin MF, FW 12 6 5
50%
206 Andy Dawson DF 25 1 3
50%
117 Antonio Valencia DF, MF 31 3 4
50%
271 Armand Traoré DF, MF 19 1 0
50%
42 Bacary Sagna DF 35 0 1
50%
476 Ben Foster GK 2 0 0
50%
395 Benjani FW 8 1 1
50%
2 Brad Friedel GK 38 0 0
50%
417 Bryan Hughes MF 6 0 0
50%
304 Ched Evans FW 16 1 1
50%
101 Chris Kirkland GK 32 0 0
50%
45 Clint Dempsey MF, FW 35 7 2
50%
404 Craig Beattie FW 7 1 0
50%
84 Cristiano Ronaldo MF, FW 33 18 6
50%
46 Curtis Davies DF 35 1 1
50%
130 Damien Duff MF, FW 30 3 1
50%
278 Daniel Agger DF 18 1 2
50%
305 Daniel Sturridge MF, FW 16 4 3
50%
215 Danny Guthrie MF 24 2 3
50%
3 Danny Murphy MF 38 5 4
50%
85 Darren Bent FW 33 12 2
50%
196 Darren Fletcher MF 26 3 0
50%
457 Darron Gibson MF 3 1 0
50%
225 Daryl Murphy MF, FW 23 0 1
50%
207 David Bentley MF 25 1 2
50%
327 David Dunn MF 15 1 0
50%
34 David James GK 36 0 0
50%
338 David N'Gog FW 14 2 0
50%
216 Deco MF 24 3 2
50%
21 Denílson MF 37 3 7
50%
103 Dimitar Berbatov FW 32 9 9
50%
4 Dirk Kuyt DF, MF, FW 38 12 8
50%
48 Djibril Cissé FW 35 10 0
50%
405 Dwight Yorke MF, FW 7 0 0
50%
168 Elano MF 28 6 3
50%
63 Emile Heskey FW 34 5 2
50%
378 Emiliano Insúa DF 10 0 0
50%
169 Emmanuel Eboué DF, MF 28 3 3
50%
250 Erik Nevland FW 21 4 2
50%
218 Fábio Aurélio DF, MF 24 2 4
50%
219 Fernando Torres FW 24 14 3
50%
120 Florent Malouda MF, FW 31 6 5
50%
369 Fraizer Campbell FW 11 1 0
50%
22 Frank Lampard MF 37 12 10
50%
35 Gabriel Agbonlahor MF, FW 36 12 5
50%
121 Gaël Clichy DF 31 1 0
50%
308 Gareth Bale MF, FW 16 0 0
50%
87 Gary Cahill DF 33 3 4
50%
309 Gary Neville DF 16 0 0
50%
328 Geremi DF, MF 15 0 3
50%
67 Heurelho Gomes GK 34 0 0
50%
310 James Beattie FW 16 7 3
50%
132 James Morrison MF, FW 30 3 3
50%
199 Jason Roberts FW 26 7 2
50%
186 Jermain Defoe FW 27 11 4
50%
231 Joe Hart GK 23 0 0
50%
133 Johan Elmander FW 30 5 2
50%
187 John Carew FW 27 11 3
50%
68 John Obi Mikel MF 34 0 2
50%
134 John O'Shea DF, MF 30 0 3
50%
36 Joleon Lescott DF 36 4 2
50%
170 Jonas Olsson DF 28 2 0
50%
292 Jonny Evans DF 17 0 0
50%
71 José Bosingwa DF 34 2 3
50%
188 Joseph Yobo DF 27 1 0
50%
10 Jussi Jääskeläinen GK 38 0 1
50%
11 Kevin Davies FW 38 12 4
50%
123 Kevin Nolan MF 31 0 4
50%
408 Kieron Dyer MF 7 0 1
50%
362 Lassana Diarra MF 12 0 0
50%
220 Ledley King DF, MF 24 1 0
50%
515 Lee Martin MF, FW 1 0 0
50%
72 Leon Osman MF 34 6 4
50%
73 Lucas Neill DF 34 1 1
50%
189 Luís Boa Morte MF, FW 27 0 3
50%
74 Luka Modrić MF 34 3 6
50%
107 Manuel Almunia GK 32 0 0
50%
293 Marc-Antoine Fortuné FW 17 4 2
50%
400 Marek Čech DF 8 0 1
50%
380 Mark Davies MF 10 0 2
50%
152 Mark Noble MF 29 3 3
50%
92 Marlon King FW 33 7 2
50%
136 Marouane Fellaini MF 30 8 1
50%
274 Martin Laursen DF 19 1 2
50%
389 Martin Olsson DF, MF 9 0 0
50%
390 Martin Petrov MF, FW 9 0 0
50%
254 Martin Škrtel DF 21 0 2
50%
401 Michael Ball DF 8 0 1
50%
153 Michael Ballack MF 29 1 4
50%
314 Michael Dawson DF 16 1 2
50%
203 Mikel Arteta MF 26 6 6
50%
334 Nabil El Zhar MF, FW 15 0 1
50%
483 Nacho González MF 2 0 0
50%
125 Nicklas Bendtner FW 31 9 2
50%
26 Nicolas Anelka FW 37 19 2
50%
257 Niko Kranjčar MF 21 3 3
50%
233 Obafemi Martins FW 23 8 2
50%
211 Park Ji-sung MF 25 2 2
50%
37 Paul Konchesky DF, FW 36 1 2
50%
409 Paulo Ferreira DF 7 0 0
50%
258 Paul Scholes MF 21 2 2
50%
16 Peter Crouch FW 38 10 5
50%
53 Petr Čech GK 35 0 0
50%
80 Phil Jagielka DF, MF 34 0 0
50%
27 Phil Neville DF, MF 37 0 3
50%
365 Ricardo Carvalho DF 12 1 1
50%
126 Richard Dunne DF 31 1 0
50%
234 Richard Garcia MF, FW 23 1 1
50%
267 Richard Hughes MF 20 0 0
50%
95 Robbie Keane FW 33 10 7
50%
17 Robert Green GK 38 0 0
50%
223 Robert Huth DF 24 0 0
50%
127 Robinho MF, FW 31 14 5
50%
175 Robin van Persie FW 28 11 10
50%
82 Rory Delap MF 34 2 4
50%
177 Ryan Giggs MF, FW 28 2 7
50%
158 Ryan Shawcross DF 29 3 1
50%
269 Salif Diao MF 20 0 0
50%
192 Salomon Kalou MF, FW 27 6 4
50%
56 Scott Carson GK 35 0 0
50%
179 Shaun Wright-Phillips MF, FW 28 5 4
50%
28 Shay Given GK 37 0 0
50%
96 Simon Davies MF 33 2 5
50%
109 Sol Campbell DF, FW 32 0 0
50%
38 Steed Malbranque MF 36 1 8
50%
180 Steven Pienaar MF 28 3 7
50%
30 Stewart Downing MF, FW 37 0 3
50%
39 Stiliyan Petrov MF 36 1 2
50%
18 Sylvain Distin DF 38 0 0
50%
345 Tal Ben Haim DF 14 0 0
50%
40 Thomas Sørensen GK 36 0 0
50%
139 Tim Cahill MF, FW 30 8 3
50%
19 Tim Howard GK 38 0 0
50%
246 Tom Huddlestone MF 22 0 1
50%
31 Vedran Ćorluka DF 37 1 3
50%
83 Vincent Kompany DF 34 1 2
50%
247 Wayne Bridge DF 22 0 0
50%
140 Wayne Rooney MF, FW 30 12 7
50%
110 Wilson Palacios MF 32 0 0
50%
98 Xabi Alonso MF 33 3 4
50%
111 Yossi Benayoun MF 32 8 5
50%
32 Abdoulaye Faye DF, MF 36 3 0
25%
277 Abdoulaye Méïté DF 18 0 1
25%
492 Adel Taarabt MF, FW 1 0 0
25%
113 Afonso Alves MF, FW 31 4 1
25%
394 Alan Hutton DF 8 0 0
25%
413 Alan Smith MF, FW 6 0 0
25%
493 Amaury Bischoff MF 1 0 0
25%
248 Amdy Faye DF, MF 21 0 0
25%
142 Amr Zaki FW 29 10 1
25%
494 Andranik Teymourian MF 1 0 0
25%
301 Andrea Dossena DF, MF 16 1 0
25%
99 André Ooijer DF 32 2 2
25%
195 Andrew Taylor DF, MF 26 0 0
25%
335 Andy Carroll FW 14 3 0
25%
59 Andy O'Brien DF 34 1 1
25%
100 Andy Reid MF 32 1 4
25%
414 Anthony Gardner DF 6 0 0
25%
474 Anthony Stokes FW 2 0 0
25%
415 Ariza Makukula FW 6 0 1
25%
33 Ashley Young DF, FW 36 7 7
25%
475 Asmir Begović GK 2 0 0
25%
163 Benni McCarthy FW 28 10 3
25%
143 Benoît Assou-Ekotto DF 29 0 1
25%
164 Bernard Mendy DF, FW 28 2 2
25%
165 Boaz Myhill GK 28 0 0
25%
43 Bobby Zamora FW 35 2 2
25%
129 Borja Valero MF 30 0 3
25%
303 Branislav Ivanović DF 16 0 1
25%
261 Brett Emerton DF, MF 20 1 2
25%
418 Caçapa DF, MF 6 0 1
25%
325 Caleb Folan FW 15 1 0
25%
374 Carl Hoefkens DF 10 0 0
25%
419 Carlo Cudicini GK 6 0 0
25%
166 Carlos Cuéllar DF 28 0 0
25%
237 Carlos Edwards DF, MF 22 0 1
25%
144 Carlos Tevez MF, FW 29 5 3
25%
336 Carlos Vela MF, FW 14 1 0
25%
238 Cesc Fàbregas MF, FW 22 3 8
25%
118 Charles N'Zogbia DF, FW 31 2 2
25%
497 Cho Won-hee DF, MF 1 0 0
25%
375 Chris Baird DF, MF 10 0 0
25%
61 Chris Brunt DF, MF 34 9 2
25%
455 Chris Gunter DF, MF 3 0 0
25%
286 Chris Riggott DF 17 0 0
25%
44 Christopher Samba DF 35 2 3
25%
477 Chris Wood FW 2 0 0
25%
214 Craig Bellamy FW 24 8 0
25%
239 Craig Fagan MF, FW 22 3 3
25%
337 Craig Gardner MF 14 0 0
25%
356 Craig Gordon GK 12 0 0
25%
182 Daniel Cousin FW 27 4 1
25%
47 Danny Collins DF 35 1 2
25%
145 Danny Higginbotham DF 29 1 3
25%
287 Danny Pugh DF, MF 17 0 2
25%
357 Danny Simpson DF 12 0 0
25%
456 Danny Welbeck MF, FW 3 1 0
25%
396 Darius Vassell MF, FW 8 0 0
25%
131 David Di Michele FW 30 4 3
25%
368 David Edgar DF 11 1 1
25%
377 David Healy FW 10 1 1
25%
307 David Nugent FW 16 3 1
25%
438 Dean Ashton FW 4 2 0
25%
458 Dean Kiely GK 3 0 0
25%
119 Dean Marney MF 31 0 4
25%
430 Dean Windass MF, FW 5 1 0
25%
249 Dickson Etuhu MF 21 1 0
25%
226 Didier Digard MF 23 0 2
25%
146 Didier Zokora MF 29 0 0
25%
385 Dietmar Hamann MF 9 0 0
25%
358 Diomansy Kamara FW 12 4 0
25%
183 Emanuel Pogatetz DF 27 1 0
25%
197 Emmanuel Adebayor FW 26 10 4
25%
184 Emmerson Boyce DF 27 1 0
25%
478 Erik Edman DF 2 0 0
25%
64 Fabricio Coloccini DF, MF 34 0 0
25%
439 Federico Macheda FW 4 2 1
25%
288 Felipe Caicedo MF, FW 17 4 0
25%
379 Filipe Teixeira MF 10 0 1
25%
397 Franco Di Santo FW 8 0 1
25%
479 Fran Mérida MF 2 0 0
25%
480 Fredrik Stoor DF 2 0 0
25%
6 Gareth Barry MF 38 5 6
25%
500 Gavin Hoyte DF 1 0 0
25%
290 Gelson Fernandes MF 17 1 0
25%
227 George Boateng MF 23 0 1
25%
291 George McCartney DF 17 0 0
25%
65 Geovanni MF, FW 34 8 0
25%
420 Giovani dos Santos MF, FW 6 0 0
25%
502 Gláuber DF 1 0 0
25%
198 Glenn Whelan MF 26 1 1
25%
23 Grétar Steinsson DF 37 2 5
25%
229 Habib Beye DF 23 0 1
25%
66 Hayden Mullins MF 34 1 0
25%
251 Henri Camara FW 21 2 0
25%
504 Henrique Hilário GK 1 0 0
25%
230 Hermann Hreiðarsson DF 23 2 0
25%
329 Hugo Rodallega FW 15 3 0
25%
122 Ian Ashbee MF 31 1 1
25%
330 Ishmael Miller FW 15 3 1
25%
280 James Collins DF 18 0 0
25%
348 James Vaughan FW 13 0 1
25%
440 Jason Brown GK 4 0 0
25%
349 Javier Garrido DF 13 1 1
25%
185 Javier Mascherano DF, MF 27 0 1
25%
350 Jay Simpson MF, FW 13 1 0
25%
149 Jérémie Aliadière MF, FW 29 2 2
25%
273 Jimmy Bullard MF 19 2 3
25%
9 Jlloyd Samuel DF, MF 38 0 1
25%
386 Joey Barton MF 9 1 1
25%
406 Joey O'Brien DF, MF 7 0 2
25%
332 Johan Djourou DF 15 0 0
25%
24 John Paintsil DF, MF 37 0 1
25%
135 Jonás Gutiérrez MF 30 0 3
25%
69 Jonathan Greening MF 34 2 1
25%
387 Jonathan Spector DF, MF 9 0 1
25%
509 Jon Routledge MF 1 0 0
25%
511 Jordan Henderson MF 1 0 0
25%
200 José Enrique DF 26 0 2
25%
407 Juan Carlos Menseguez MF, FW 7 1 0
25%
263 Juliano Belletti DF, MF 20 3 0
25%
264 Julien Faubert DF, FW 20 0 2
25%
282 Julio Arca DF, MF 18 0 0
25%
240 Justin Hoyte DF 22 0 1
25%
513 Kasper Schmeichel GK 1 0 0
25%
461 Kazenga LuaLua MF, FW 3 0 0
25%
441 Kelvin Etuhu MF, FW 4 0 0
25%
201 Kevin Kilbane DF, MF 26 0 0
25%
514 Kevin-Prince Boateng MF, FW 1 0 0
25%
106 Kieran Richardson DF, MF 32 4 2
25%
313 Kim Do-heon MF 16 0 0
25%
422 Lee Bowyer MF 6 0 0
25%
124 Leighton Baines DF 31 1 6
25%
370 Leon Barnett DF 11 0 0
25%
265 Liam Lawrence MF 20 3 3
25%
462 Liam Miller MF 3 0 0
25%
221 Louis Saha FW 24 6 1
25%
208 Lucas Leiva MF 25 1 2
25%
424 Łukasz Fabiański GK 6 0 0
25%
253 Luke Moore FW 21 1 0
25%
75 Luke Young DF 34 1 0
25%
241 Mamady Sidibé FW 22 3 2
25%
343 Manucho FW 14 2 1
25%
463 Marc Wilson DF, MF 3 0 0
25%
76 Mario Melchiot DF 34 0 1
25%
12 Mark Schwarzer GK 38 0 0
25%
363 Mark Viduka FW 12 0 2
25%
425 Marlon Harewood FW 6 0 0
25%
202 Márton Fülöp GK 26 0 0
25%
295 Matthew Bates DF 17 1 0
25%
190 Matthew Etherington MF 27 2 3
25%
77 Matthew Taylor DF, MF 34 10 4
25%
25 Matt Upson DF 37 0 2
25%
13 Maynor Figueroa DF 38 1 2
25%
78 Micah Richards DF 34 1 1
25%
209 Michael Brown MF 25 0 1
25%
372 Michael Essien DF, MF 11 1 0
25%
14 Michael Turner DF 38 4 0
25%
210 Mido FW 25 6 0
25%
344 Mikaël Silvestre DF 14 2 1
25%
520 Mineiro MF 1 0 0
25%
443 Miroslav Stoch MF, FW 4 0 0
25%
351 Mohamed Shawky MF 13 0 0
25%
154 Nadir Belhadj DF, MF 29 2 3
25%
466 Nathan Doyle DF, MF 3 0 0
25%
255 Nick Barmby MF, FW 21 1 1
25%
94 Nicky Butt DF, MF 33 0 1
25%
315 Nigel de Jong MF 16 0 1
25%
204 Nigel Reo-Coker MF 26 1 0
25%
296 Nwankwo Kanu FW 17 1 1
25%
317 Nyron Nosworthy DF 16 0 0
25%
155 Pablo Zabaleta DF, MF 29 1 2
25%
266 Paul McShane DF 20 1 0
25%
51 Paul Robinson DF 35 0 1
25%
52 Paul Robinson GK 35 0 0
25%
156 Paul Scharner DF, MF 29 0 2
25%
283 Péter Halmosi DF, MF 18 0 0
25%
364 Peter Løvenkrands MF, FW 12 3 0
25%
392 Radoslav Kováč DF, MF 9 1 0
25%
320 Rafael DF, MF 16 1 0
25%
81 Ricardo Fuller FW 34 11 2
25%
157 Ricardo Gardner DF, MF 29 4 1
25%
487 Richard Eckersley DF 2 0 0
25%
446 Richard Kingson GK 4 0 0
25%
521 Ritchie De Laet DF 1 0 0
25%
54 Robert Koren DF, MF 35 1 2
25%
469 Rodrigo Possebon MF 3 0 0
25%
205 Roman Bednář FW 26 6 1
25%
176 Roman Pavlyuchenko FW 28 5 1
25%
268 Roque Santa Cruz FW 20 4 2
25%
242 Ross Turnbull GK 22 0 0
25%
191 Ryan Babel MF, FW 27 3 1
25%
321 Ryan Donk DF, MF 16 0 0
25%
488 Ryan France DF, MF 2 0 0
25%
55 Ryan Nelsen DF 35 1 0
25%
243 Ryan Taylor DF, MF 22 2 2
25%
383 Savio Nsereko MF, FW 10 0 0
25%
489 Scott Sinclair MF, FW 2 0 0
25%
108 Sean Davis MF 32 1 2
25%
523 Seb Hines DF, MF 1 0 0
25%
447 Seol Ki-hyeon MF, FW 4 1 0
25%
411 Shelton Martis DF 7 0 0
25%
433 Sherjill MacDonald FW 5 0 0
25%
244 Shola Ameobi FW 22 4 1
25%
490 Stelios Giannakopoulos MF, FW 2 0 0
25%
57 Stephen Ireland MF 35 9 9
25%
427 Stephen Kelly DF 6 0 0
25%
29 Stephen Warnock DF 37 3 3
25%
323 Steve Harper GK 16 0 0
25%
448 Steven Reid DF, MF 4 0 1
25%
193 Steven Taylor DF 27 4 1
25%
434 Steve Simonsen GK 5 0 0
25%
259 Teemu Tainio MF 21 0 0
25%
525 Theofanis Gekas FW 1 0 0
25%
450 Tomasz Kuszczak GK 4 0 0
25%
298 Tony Hibbert DF 17 0 1
25%
161 Tugay Kerimoğlu MF 29 1 0
25%
97 Tuncay Şanlı MF, FW 33 7 4
25%
402 Valeri Bojinov FW 8 1 1
25%
224 Valon Behrami DF, MF 24 1 0
25%
299 Victor Anichebe FW 17 1 1
25%
451 Vincent Péricard FW 4 0 0
25%
526 Vito Mannone GK 1 0 0
25%
527 Vladimír Weiss MF, FW 1 0 0
25%
528 Wayne Brown DF 1 0 0
25%
529 Wayne Brown MF 1 0 0
25%
530 Wayne Routledge MF, FW 1 0 0
25%
403 Wes Brown DF 8 1 0
25%
235 William Gallas DF 23 2 0
25%
346 Yakubu Aiyegbeni FW 14 4 1
25%
354 Zat Knight DF 13 1 0
25%
112 Zoltán Gera MF 32 2 0
25%
491 Zoran Tošić MF, FW 2 0 0
25%
452 Aaron Doran MF 3 0 0
0%
260 Andy Griffin DF 20 0 0
0%
473 Andy van der Meyde MF, FW 2 0 0
0%
236 Andy Wilkinson DF 22 0 0
0%
453 Angelos Basinas MF 3 0 0
0%
454 Antoine Sibierski MF, FW 3 0 0
0%
416 Arnold Mvuemba MF, FW 6 0 0
0%
373 Ben Watson MF 10 2 0
0%
495 Brad Guzan GK 1 0 0
0%
496 Callum McManaman MF, FW 1 0 0
0%
326 Calum Davenport DF 15 1 2
0%
429 Carl Dickinson DF 5 0 1
0%
347 Carlos Villanueva MF, FW 13 0 1
0%
366 Chris Basham DF, MF 11 1 0
0%
498 Chris Smalling DF 1 0 0
0%
499 Damien Plessis MF 1 0 0
0%
367 Dan Gosling DF, MF 11 2 0
0%
279 Daniël de Ridder MF, FW 18 0 1
0%
376 Danny Shittu DF 10 0 0
0%
306 Dave Kitson FW 16 0 1
0%
102 David Wheater DF 32 1 1
0%
62 Dean Whitehead DF, MF 34 0 0
0%
339 Diego Tristán FW 14 3 1
0%
167 El Hadji Diouf MF, FW 28 1 0
0%
359 Euzebiusz Smolarek MF, FW 12 0 0
0%
5 Fabrice Muamba MF 38 0 0
0%
289 Freddie Sears MF, FW 17 0 0
0%
340 Gaël Givet DF 14 0 0
0%
147 Gary O'Neil MF 29 4 1
0%
88 Gavin McCann MF 33 0 0
0%
89 Gianni Zuiverloon DF 33 0 1
0%
501 Gilberto DF, MF 1 0 0
0%
431 Glen Little MF 5 0 0
0%
398 Graham Dorrans MF, FW 8 0 0
0%
228 Grant Leadbitter MF 23 2 0
0%
503 Heiðar Helguson FW 1 0 0
0%
49 Hérita Ilunga DF 35 0 2
0%
341 Ibrahima Sonko DF 14 0 0
0%
262 Jack Collison MF 20 3 1
0%
272 Jack Rodwell DF, MF 19 0 0
0%
360 James Tomkins DF, MF 12 1 0
0%
331 Jamie O'Hara MF 15 1 0
0%
311 Jason Koumas MF 16 0 1
0%
312 Jermaine Pennant MF 16 0 4
0%
459 Jerome Thomas MF, FW 3 0 0
0%
506 Joe Bennett DF, MF 1 0 0
0%
507 Johann Vogel MF 1 0 0
0%
281 John Utaka MF, FW 18 1 1
0%
510 Jonathan Franks MF, FW 1 0 0
0%
481 Jonathan Grounds DF 2 0 0
0%
70 Jonathan Woodgate DF 34 1 0
0%
460 Jose Baxter MF, FW 3 0 0
0%
482 Josh Payne MF 2 0 0
0%
421 Josh Walker MF 6 0 0
0%
512 Julian Gray MF, FW 1 0 0
0%
388 Junior Stanislas MF, FW 9 2 0
0%
105 Kamil Zayatte DF, MF 32 1 1
0%
90 Keith Andrews MF 33 4 0
0%
361 Keith Treacy MF 12 0 0
0%
399 Kieran Gibbs DF, MF 8 0 0
0%
432 Lars Jacobsen DF 5 0 0
0%
91 Lee Cattermole MF 33 1 2
0%
423 Leon Andreasen DF, MF 6 0 0
0%
371 Leon Cort DF 11 0 0
0%
516 Linvoy Primus DF 1 0 0
0%
517 Lukas Jutkiewicz FW 1 0 0
0%
518 Mark Randall MF 1 0 0
0%
519 Martyn Waghorn MF, FW 1 0 0
0%
333 Marvin Emnes MF, FW 15 0 0
0%
294 Matt Derbyshire FW 17 2 0
0%
381 Matt Duke GK 10 0 0
0%
426 Michael Chopra FW 6 2 0
0%
442 Michael Mancienne DF, MF 4 0 0
0%
382 Michael Tonge MF 10 0 0
0%
465 Mike Pollitt GK 3 0 0
0%
444 Nathan Delfouneso MF, FW 4 0 0
0%
232 Nedum Onuoha DF 23 1 1
0%
256 Nicky Shorey DF, MF 21 0 0
0%
316 Noé Pamarot DF 16 0 0
0%
484 Nuno Valente DF 2 0 0
0%
391 Olivier Dacourt MF 9 0 0
0%
275 Olivier Kapo MF, FW 19 1 1
0%
485 Owen Hargreaves MF 2 0 0
0%
318 Papa Bouba Diop DF, MF 16 0 0
0%
319 Pascal Chimbonda DF 16 0 1
0%
467 Pelé DF 3 0 0
0%
174 Phil Bardsley DF 28 0 0
0%
445 Ricardo Quaresma MF, FW 4 0 0
0%
137 Richard Cresswell FW 30 0 0
0%
297 Riga Mustapha MF, FW 17 0 0
0%
468 Robbie Fowler FW 3 0 0
0%
522 Robert Milsom DF, MF 1 0 0
0%
159 Sam Ricketts DF 29 0 1
0%
138 Sébastien Bassong DF 30 0 0
0%
410 Sébastien Puygrenier DF 7 1 0
0%
393 Segundo Castillo DF, MF 9 0 0
0%
284 Seyi Olofinjana MF 18 2 0
0%
524 Shay Logan DF, MF 1 0 0
0%
324 Steve Sidwell MF 16 3 0
0%
449 Tamir Cohen MF 4 1 0
0%
58 Titus Bramble DF 35 1 0
0%
412 Tom Soares MF 7 0 0
0%
470 Toni Kallio DF 3 0 0
0%
353 Tony McMahon DF, MF 13 0 1
0%
471 Tope Obadeyi MF, FW 3 0 0
0%
300 Vince Grella MF 17 0 1
0%
435 Walter López DF, MF 5 0 0
0%
436 Xisco FW 5 1 0
0%
270 Younès Kaboul DF 20 1 1
0%
428 Youssouf Mulumbu MF 6 0 0
0%
437 Zurab Khizanishvili DF 5 0 0
0%
No matching quizzes found
Score Distribution
Percent of People with Each Score
Percentile by Number Answered
Your Score History
You have not taken this quiz